| 000 | 01163nam a22003015a 4500 | ||
|---|---|---|---|
| 003 | OSt | ||
| 005 | 20180106132544.0 | ||
| 008 | 180106s2014 ua a frb 000 0 ara d | ||
| 017 | _a2011 / 9305 | ||
| 020 | _a9789775053022 | ||
| 040 |
_aEG-ScBUE _bara _cEG-ScBUE |
||
| 041 | 1 |
_aara _hund |
|
| 043 |
_aawba--- _aawgz--- |
||
| 082 | 0 | 4 |
_a320.54095694 _bك ا ر _222 |
| 100 | 1 | _aكار، وليم جاي. | |
| 245 | 1 | 0 |
_aبروتوكولات حكماء صهيون : _bقراءة تطبيقية في الدستور السري للحركة الصهيونية / _c[وليم جاي كار] ؛ تحقيق عصام عبد الفتاح. |
| 250 | _aط. 2. | ||
| 260 |
_aالقاهرة : _bمكتبة الشريف ماس للنشر والتوزيع، _c2014. |
||
| 300 |
_a232 ص. : _b|إيض. ؛ _c24 سم. |
||
| 504 | _aيشتمل على إرجاعات ببليوجرافية. | ||
| 650 | 7 |
_aالصهيونية. _2BUEsh |
|
| 650 | 7 |
_aاليهودية. _2BUEsh |
|
| 650 | 7 |
_aالنزاع العربي الإسرائيلي. _2BUEsh |
|
| 651 | _2BUEsh | ||
| 653 |
_bBUSBOL _bGGEN _cJanuary2018 |
||
| 700 | 1 |
_aعبد الفتاح، عصام، _eمحقق. |
|
| 942 | _2ddc | ||
| 999 |
_c25879 _d25851 |
||